PETROLEO Y SOBERANIA /

Spremljeno u:
Bibliografski detalji
Daljnji autori: PROCESO (autor) (autor)
Format: Knjiga
Teme:
Oznake: Dodaj oznaku
Bez oznaka, Budi prvi tko označuje ovaj zapis!

MARC

LEADER 00000nam^a2200000^a^4500
001 000243925
005 20250521000000.0
009 20260310105357.184
035 |a 067389 
037 |a Acervo Xavier Clavigero 
082 |a 351. 82388  |b PET 
245 1 0 |a PETROLEO Y SOBERANIA /  |c PROCESO 
264 |a MEXICO :  |b POSADA,  |c 1979 
300 |a 491 p. 
336 |a texto  |b txt  |2 rdacontenido 
337 |a sin mediación  |b n  |2 rdamedio 
338 |a volumen  |b nc  |2 rdasoporte 
649 |a XX 
650 |a PETROLEO -  |x PROPIEDAD NACIONAL 
700 |a PROCESO  |e (autor) 
910 |a Fondo General 
920 |a Impresos - Libros 
930 |a Colección General 
905 |a 101 
901 |a 067389  |b IT1  |c ACC  |i 067389  |u 20250521 
902 |a https://opac.biblio.iteso.mx/vufind/Record/000243925